Política y sociedad entre dos épocas

El análisis que hace el autor se base en orientaciones teóricas y conceptuales que se han ido construyendo junto con el análisis de los fenómenos socio-políticos entre los que caben los procesos de democratización. Se plantean los desafíos de la sociedad latinoamericana en el cambio social y la reco...

ver descrição completa

Na minha lista:
Detalhes bibliográficos
Autor principal: Garretón, Miguel Antonio
Formato: Texto
Publicado em: Buenos Aires: HomoSapiens Ediciones
Assuntos:
Tags: Adicionar Tag
Sem tags, seja o primeiro a adicionar uma tag!

MARC

LEADER 00000 a a2200000 04500
001 31146
003
040
020 |a 950-808-292-5  
090 |a 197701  
100 |a Garretón, Miguel Antonio  
245 |a Política y sociedad entre dos épocas  
260 |a Buenos Aires:   |b HomoSapiens Ediciones  
300 |a 147 p.  
520 |a El análisis que hace el autor se base en orientaciones teóricas y conceptuales que se han ido construyendo junto con el análisis de los fenómenos socio-políticos entre los que caben los procesos de democratización. Se plantean los desafíos de la sociedad latinoamericana en el cambio social y la reconstrucción de la político con los procesos de globalización. Además presenta una perspectiva del nuevo rol del socialismo en el cambio de siglo  
650 |a ANALISIS SOCIOLOGICO  
650 |a CAMBIO SOCIAL  
650 |a DEMOCRATIZACION  
650 |a MODERNIZACION  
650 |a MOVIMIENTOS SOCIALES  
650 |a ESTADO  
999 |c 2988  |d 2988